000 00582nam a22001937a 4500
005 20220420091523.0
008 220420b2 m ||||| |||| 00| 0 m d
020 0 0 _a9789832423782
_cRM 35.00
040 _aAKMAL
082 0 0 _a297.57082 SYA
090 0 0 _a297.57082
_bSYA
100 _aSyaari Ab. Rahman
_99420
245 1 0 _aPerempuan Yang Baik-Baik Dalam Al-Quran
_cSyaari Ab. Rahman
260 0 0 _aSelangor
_bIman Publication Sdn. Bhd
_c2020
300 _a322 pg
_bill
_c21cm
650 0 0 _aWomen In Islam
_99421
650 0 0 _aMuslim Women
_xConduct of life
_99422
942 _2ddc
_cBOOK
999 _c4946
_d4946